| 000 | 00426cam a2200169ua 4500 | ||
|---|---|---|---|
| 020 | _a0-07-014825-2 | ||
| 041 |
_aeng _h |
||
| 082 |
_a629.25 _bCRO/AU |
||
| 100 | _aCrouse, William H . | ||
| 245 |
_aAutomotive engines / _cWilliam H Crouse. _hTextual Documents |
||
| 250 |
_a6 / _b. |
||
| 260 |
_aNew York : _bMcGraw Hill Book Company , _c1981. |
||
| 300 | _a422 ; . | ||
| 504 | _a | ||
| 942 | _cBK | ||
| 999 |
_c11091 _d11091 |
||